00782cam a22002531 450000100060000000300080000600500170001400800390003103500190007003500190008904000250010804100080013308200250014110000330016624500950019926000440029430000360033850400190037460000400039365000230043365000230045670000290047974000200050831312BD-RjUL20211209051702.0140415s1961 pk 001 0 eng a(BD-RjUL)31399 a(OCoLC)1107290 aDLCcMH-AHdDLCbeng aeng a181.07bIQS 19612231 aIqbal, Muhammad,d1877-1938.10aStray reflections :ba note-book of Allama Iqbal /cMuhammad Iqbal ; edited by Javid Iqbal aLahore :bSh. Ghulam Ali & sons,c1961. axxxvi, 161 p. :bill. ;c17 cm. aIncludes index aIqbal, Muhammad, cSir, d1877-1938 aIslamic philosophy aPhilosophy, Modern1 aIqbal, Javidd1924-eed.0 aStray thoughts.